LEADER 04157nam 2200421 450 001 9910815380603321 005 20220528202809.0 010 $a84-1324-857-4 035 $a(CKB)4100000011491568 035 $a(MiAaPQ)EBC6484151 035 $a(Au-PeEL)EBL6484151 035 $a(OCoLC)1239985226 035 $a(MiAaPQ)EBC6777895 035 $a(OCoLC)1246314990 035 $a(FINmELB)ELB163547 035 $a(EXLCZ)994100000011491568 100 $a20220528d2020 uy 0 101 0 $aspa 135 $aurcnu|||||||| 181 $ctxt$2rdacontent 182 $cc$2rdamedia 183 $acr$2rdacarrier 200 13$aEl procedimiento pericial de determinacio?n del dan?o en los seguros (tras la regulacio?n del procedimiento de nombramiento de tercer perito en la Ley de Jurisdiccio?n Voluntaria) /$fAnselmo Marti?nez Can?ellas 210 1$aMadrid :$cDykinson,$d[2020] 215 $a1 online resource (200 pages) 311 $a84-1324-465-X 330 $aEl arti?culo 38 de la Ley 50/1980, de 8 de octubre, del Contrato de seguro regula el procedimiento extrajudicial de resolucio?n de conflictos, especi?fico de los contratos de seguro, para la liquidacio?n de siniestros por parte de peritos arbitradores.La Ley 15/2015, de 2 de julio, de Jurisdiccio?n Voluntaria, intento? agilizarlo, al encargar su tramitacio?n a los Letrados de la Administracio?n de Justicia y a los Notarios, pero no introdujo en el texto del arti?culo modificaciones que integraran la evolucio?n jurisprudencial de la institucio?n.El presente libro analiza este procedimiento pericial de determinacio?n de la indemnizacio?n, el alcance de su naturaleza obligatoria, que lo distingue del arbitraje, y los problemas constitucionales que puede plantear. Seguidamente, analiza el art. 38 de la Ley del Contrato de seguro, y los arti?culos 136 a 138 de la Ley de Jurisdiccio?n Voluntaria y el arti?culo 80 de la Ley Notarial, que lo desarrollan. El ana?lisis pone de manifiesto inconsistencias de dicha normativa y ordena las interpretaciones jurisprudenciales de los u?ltimos treinta an?os sobre la materia, que, lamentablemente, no se han reflejado en la reforma operada por la Ley de Jurisdiccio?n Voluntaria. Finalmente, analiza la aplicabilidad de este procedimiento a seguros distintos del seguro de dan?os. En las conclusiones se ofrecen opiniones de lege ferenda, para mejorar la normativa, y criterios interpretativos para una correcta aplicacio?n de estos preceptos.Anselmo Marti?nez Can?ellas es Profesor Titular de Universidad de Derecho mercantil de la Universidad de las Islas Baleares. Fulbright Senior Scholar, en la Law School de Columbia University. Colaborador del Grupo VII (sobre compraventa mercantil) de la propuesta de Co?digo mercantil de 2013. Autor de los libros: ?La interpretacio?n e integracio?n de la Convencio?n de Viena sobre compraventa internacional de mercaderi?as" y ?El incumplimiento esencial en la Convencio?n de Viena sobre compraventa internacional de mercaderi?as" y Codirector del libro ?Principios de Derecho contractual europeo y Principios de UNIDROIT sobre contratos comerciales internacionales". Autor de ma?s de 50 arti?culos de revistas nacionales e internacionales y partes de libro sobre Derecho de seguros, de sociedades, bancario, contractual nacional e internacional, de la Competencia, concursal, de la Propiedad Industrial, deportivo, turi?stico, alimentario, y de arbitraje internacional. Premio Garci?a Goyena de Derecho privado, Premio Pasqual Gonza?lez de Derecho civil especial de las Islas Baleares, y Premio Miquel Casals i Colldecarrera de Dret privat dels Pai?ssos Catalans. 606 $aDamages$zSpain 615 0$aDamages 676 $a346.4603 700 $aMarti?nez Can?ellas$b Anselmo$01683519 801 0$bMiAaPQ 801 1$bMiAaPQ 801 2$bMiAaPQ 906 $aBOOK 912 $a9910815380603321 996 $aEl procedimiento pericial de determinacio?n del dan?o en los seguros (tras la regulacio?n del procedimiento de nombramiento de tercer perito en la Ley de Jurisdiccio?n Voluntaria)$94054315 997 $aUNINA